Biocracy : public policy and the life sciences

Bibliographic Details
Main Author: Caldwell, Lynton K. [ (Lynton Keith)] , 1913-2006 (Author)
Format: Book
Published: Boulder, Colo. : Westview Press , c1987
Subjects:

MARC

LEADER 00000cam a2200000 7i4500
001 0000003607
005 20160519093000.0
008 021118n
020 |a 0813373638 
090 0 0 |a QH333   |b .C5 
100 0 |a Caldwell, Lynton K. [  |q (Lynton Keith)] ,   |d 1913-2006 ,   |e author 
245 0 0 |a Biocracy :   |b public policy and the life sciences   |c Lynton Keith Caldwell 
260 2 |a Boulder, Colo. :   |b Westview Press ,   |c c1987 
300 |a xiii, 229 p. ; ;   |c 24 cm. 
504 |a Includes bibliographical references 
650 0 |a Life sciences   |x Political aspects 
650 0 |a Life sciences   |x Social aspects 
999 |a 1000032585   |b Book   |c OPEN SHELF (30 DAYS)   |e Tembila Campus